000 02233nam a2200325 a 4500
001 44331
003 BD-RjUL
005 20211209053835.0
008 160717s1982 bg ||||| |||| 00| 0 ben d
020 _c: TK 110.00 (V-1)
020 _c: TK 119.00 (V-3)
020 _c: TK 119.00 (V-4)
020 _c: TK 119.00 (V-5)
035 _a(BD-RjUL)44449
040 _aBD-RjUL
_bben
_cBD-RjUL
_dBD-RjUL
041 _aben
082 _223
_a297.1254106
_bBUS V-1-5 1982
100 1 _aবুখারী, মুহাম্মদ ইবনে ইসমাইল
_9237776
245 1 0 _aসহীহ আল বুখারী /
_cবুখারী, মুহাম্মদ ইবনে ইসমাইল; সম্পাদনায়: আবদুল মান্নান তালিব ; অনুবাদে : ১ম ও ৫ম খণ্ড: সাইয়েদ মুহাম্মাদ আলী ... [ এবং অন্যান্য ], ৩য় খণ্ড : আফলাতুন কায়সার ... [ এবং অন্যান্য ], ৪র্থ খণ্ড : মোজাম্মেল হক ... [ এবং অন্যান্য ]
260 _aঢাকা :
_bআধুনিক প্রকাশনী,
_c১৯৮২
300 _a খন্ড ;
_c২১ সেমি.
505 0 _aখন্ড - ১ -- খণ্ড ৩ -- খণ্ড ৪ -- খণ্ড ৫ --
650 _aহাদীস, বুখারী
_xবঙ্গানুবাদ ও ব্যাখা
_9237777
650 _aHadith, Bukhari
_xTranslation and Interpretation
_9237778
700 _aতালিব, আবদুল মান্নান, সম্পাদক
_9237783
700 _aআলী, সাইয়েদ মুহাম্মাদ ... [ এবং অন্যান্য ] :(১ম ও ৫ম খণ্ড), অনুবাদক
_9237784
700 _aকায়সার, আফলাতুন, ... [ এবং অন্যান্য ]:(৩য় খণ্ড), অনুবাদক
_9237785
700 _aহক, মোজাম্মেল ... [ এবং অন্যান্য ] : (৪র্থ খণ্ড ), অনুবাদক
_9237786
942 _2ddc
_cBK
999 _c44331
_d44331